Normal view
MARC view
- Healthcare Biotechnology
Entry Uniform Title
001 - CONTROL NUMBER
- control field: 14058
003 - CONTROL NUMBER IDENTIFIER
- control field: NUST
005 - DATE AND TIME OF LATEST TRANSACTION
- control field: 20190402070805.0
008 - FIXED-LENGTH DATA ELEMENTS
- fixed length control field: 190402|| aca||aabn | a|a d
040 ## - CATALOGING SOURCE
- Original cataloging agency: NUST
- Transcribing agency: NUST
130 ## - HEADING--UNIFORM TITLE
- Uniform title: Healthcare Biotechnology
- Title of a work: HCV and host genes involved in ER stress and insulin resistance.
670 ## - SOURCE DATA FOUND
- Source citation: Work cat.: (NUST): Qazi Laeeque Ahmed-sup-Dr. Sobia Manzoor 14057, Th-MS-Mechanistic study of interaction between HCV and host Genes involved in ER stress and insulin resistance, 2012.
